| 000 | 00524nam a22001817a 4500 | ||
|---|---|---|---|
| 003 | OSt | ||
| 005 | 20140310181921.0 | ||
| 008 | 130718t xxu||||| |||| 00| 0 eng d | ||
| 050 |
_aQA 93 . _bIn61 2008 |
||
| 082 |
_aTR 510 _bSm7 2008 |
||
| 245 |
_aSMP Interact 7C : _b practice for book 7C / _cThe School Mathematics Framework. |
||
| 260 |
_aCambridge : _bCambridge University Press, _cc2010. |
||
| 300 |
_a120 p. : _bill. ; _c21 cm. ; |
||
| 541 | _j1 | ||
| 541 | _j1 | ||
| 562 | _e1 | ||
| 942 |
_2lcc _cBK-TR _kTR |
||
| 999 |
_c6988 _d6988 |
||